| 000 | 00484nam a2200181Ia 4500 | ||
|---|---|---|---|
| 003 | GCL | ||
| 008 | 140319s9999 xx 000 0 ara d | ||
| 040 |
_aGCL / _cGCL |
||
| 082 | 0 | 4 |
_a811.1 _bى ذ |
| 100 | 1 | _aيوسف خليف | |
| 245 | 1 | 0 |
_aذو الرمه شاعر الحب والصحراء / _cيوسف خليف |
| 300 | _a455 ص | ||
| 490 | _a | ||
| 650 | 0 | 4 | _aالشعر الجاهلى |
| 650 | 0 | 4 | _aدواوين وقصائد |
| 650 | 0 | 4 | _aذو الرمة |
| 942 |
_2ddc _cBK |
||
| 999 |
_c38579 _d38579 |
||